书目信息 |
| 题名: |
美国色彩基础教材
|
|
| 作者: | 潘泰克 , 罗斯 著 ;汤凯青 译 | |
| 分册: | ||
| 出版信息: | 上海 上海人民美术出版社 2005 |
|
| 页数: | 169页 | |
| 开本: | 28cm | |
| 丛书名: | ||
| 单 册: | ||
| 中图分类: | J063 | |
| 科图分类: | ||
| 主题词: | 色彩学--美国--教材 , 色彩学 | |
| 电子资源: | ||
| ISBN: | 7-5322-4249-8 | |
| 000 | 01031nam0 2200277 450 | |
| 001 | 002921564 | |
| 005 | 20061121091600.75 | |
| 010 | @a7-5322-4249-8@dCNY58.00 | |
| 100 | @a20050712d2005 em y0chiy0110 ea | |
| 101 | 1 | @achi@ceng |
| 102 | @aCN@b310000 | |
| 105 | @aa z 000yy | |
| 200 | 1 | @a美国色彩基础教材@9mei guo se cai ji chu jiao cai@f(美)斯蒂芬·潘泰克,(美)理查德·罗斯著@g汤凯青译 |
| 210 | @a上海@c上海人民美术出版社@d2005 | |
| 215 | @a169页@c图@d28cm | |
| 300 | @a美国艺术与设计专业品牌教材 | |
| 305 | @a由美国汤姆森学习出版集团授权出版 | |
| 330 | @a本书是一部色彩理论和实际应用的通用教材,为艺术家和设计师提供一系列的色彩概念。内容包括色彩系统,色彩关系,色彩应用:二维平面,色彩应用:三维立体,自然和文化中的颜色。 | |
| 606 | 0 | @a色彩学@y美国@j教材 |
| 606 | 0 | @a色彩学 |
| 690 | @aJ063@v4 | |
| 701 | 0 | @c(美)@a潘泰克@9pan tai ke@c(Pantak, S.)@4著 |
| 701 | 0 | @c(美)@a罗斯@9luo si@c(色彩学,Roth, R.)@4著 |
| 702 | 0 | @a汤凯青@9tang kai qing@4译 |
| 801 | 0 | @aCN@bNLC@c20061121 |
| 905 | @a10447@dJ063@e159 | |
| 美国色彩基础教材/(美)斯蒂芬·潘泰克,(美)理查德·罗斯著/汤凯青译.-上海:上海人民美术出版社,2005 |
| 169页:图;28cm |
| 美国艺术与设计专业品牌教材 |
| ISBN 7-5322-4249-8:CNY58.00 |
| 本书是一部色彩理论和实际应用的通用教材,为艺术家和设计师提供一系列的色彩概念。内容包括色彩系统,色彩关系,色彩应用:二维平面,色彩应用:三维立体,自然和文化中的颜色。 |
| ● |
| 相关链接 |
|
|
|
|
正题名:美国色彩基础教材
索取号:J063/159
 
预约/预借
| 序号 | 登录号 | 条形码 | 馆藏地/架位号 | 状态 | 备注 |
| 1 | 0394975 | 203949754 | 第一样本阅览室/ [索取号:J063/159] | 在馆 | |
| 2 | 0394976 | 203949763 | 第一借阅区/ [索取号:J063/159] | 在馆 | |
| 3 | 0394977 | 203949772 | 第一借阅区/ [索取号:J063/159] | 在馆 |